Sports Quiz

Random Sports or Numbers Quiz

State Capital Players (Pic) Quiz Stats

 Plays Quiz not verified by Sporcle

Score 0/10 Timer 02:00
0 Plays Today
Number % Correct
5Steven Jackson
89%
3Miles Austin
87.4%
1Juan Pierre
71.3%
4Mitch Richmond
36.8%
7Colin Montgomerie
34.4%
10David Boston
17.3%
9Sam Madison
14.4%
2Mike Lansing
8.5%
6Mike Lincoln
7.6%
8Joe Juneau
4.8%

You're not logged in!

Compare scores with friends on all Sporcle quizzes.
OR
Log In

You Might Also Like...

Show Comments

Extras

Top Quizzes Today


Score Distribution

Your Account Isn't Verified!

In order to create a playlist on Sporcle, you need to verify the email address you used during registration. Go to your Sporcle Settings to finish the process.

Report this User

Report this user for behavior that violates our Community Guidelines.

Details: